00686nam a2200205Ia 4500008004100000020001800041082001600059100002000075245004000095250000800135260002900143300001200172500002400184650001500208700002300223942000700246952010500253952010500358999001700463230524s9999 xx 000 0 und d a9788131500187 a658.44bBEL aMonica Belcourt 0aStrategic Human Resources Planning  aIST aNEW DELHIbCengagec2005 aVII;508 aQuantity Number: 2 aManagement a Kenneth J.M_c Bey cBK 00104070aTATCLbTATCLcGENd2023-05-24l0o658.44 BELp30635r2023-05-24w2023-05-24yBKzMBA3102 00104070aTATCLbTATCLcGENd2023-05-24l0o658.44 BELp30636r2023-05-24w2023-05-24yBKzMBA3102 c43059d43059